The apprenticeship of Big Toe P : a novel

The novel tells of a young Japanese woman who wakes up one afternoon to discover that her big toe has turned into a penis. In learning to adjust to her new sexual organ, the heroine is forced to reconsider her body, her sexuality and her life. After fleeing from her homophobic fiancé, she falls in...

Täydet tiedot

Tallennettuna:
Bibliografiset tiedot
Päätekijä: Matsuura, Rieko
Aineistotyyppi: Kirja
Kieli:Undetermined
Julkaistu: Tokyo Kodansha International 2009
Aiheet:
Tagit: Lisää tagi
Ei tageja, Lisää ensimmäinen tagi!
Thư viện lưu trữ: Trung tâm Học liệu Trường Đại học Cần Thơ
LEADER 01183nam a2200229Ia 4500
001 CTU_155842
008 210402s9999 xx 000 0 und d
020 |c 16.47 
082 |a 895.65 
082 |b M434 
100 |a Matsuura, Rieko 
245 4 |a The apprenticeship of Big Toe P : 
245 2 |b a novel 
245 0 |c Rieko Matsuura ; translated by Michael Emmerich 
260 |a Tokyo 
260 |b Kodansha International 
260 |c 2009 
520 |a The novel tells of a young Japanese woman who wakes up one afternoon to discover that her big toe has turned into a penis. In learning to adjust to her new sexual organ, the heroine is forced to reconsider her body, her sexuality and her life. After fleeing from her homophobic fiancé, she falls in love with a bisexual blind pianist who accepts her for whom she is, and together they join a troupe of performers--all sexually deformed and emotionally twisted men and women. Thus begins her apprenticeship 
650 |a Japanese fiction,Young women,Tiểu thuyết Nhật Bản,Thiếu nữ 
650 |z Japan,Nhật Bản 
904 |i H.Mai 
980 |a Trung tâm Học liệu Trường Đại học Cần Thơ